000
00330nam a2200133Ia 4500
008
151001s9999||||xx |||||||||||||| ||und||
100
_a
दुर्गा - भागवत
245
_a
पैस
250
_a
1
260
_b
पुणे प्रकाशन
260
_c
1999
300
_a
144
365
_b
20
999
_c
997430
_d
997427